Geochemical analysis for seawater intrusion in Klang River basin /
Saved in:
| 主要作者: | |
|---|---|
| 格式: | Thesis 图书 |
| 语言: | English |
| 出版: |
2008.
|
| 主题: | |
| 标签: |
添加标签
没有标签, 成为第一个标记此记录!
|
| LEADER | 00988cam a2200265 a 4500 | ||
|---|---|---|---|
| 001 | u764451 | ||
| 003 | SIRSI | ||
| 005 | 200901201215 | ||
| 008 | 090120s2008 my t 000 0 eng m | ||
| 040 | |a UMM | ||
| 043 | |a a-my-se | ||
| 090 | |a QD3 |b UM 2008 Kal | ||
| 100 | 0 | |a Kalai Magal Manickam. | |
| 245 | 1 | 0 | |a Geochemical analysis for seawater intrusion in Klang River basin / |c Kalai Magal Manickam. |
| 260 | |c 2008. | ||
| 300 | |a x, 65 leaves : |b ill. (some col.) ; |c 30 cm. | ||
| 502 | |a Dissertation (M.Sc.) -- Jabatan Kimia, Fakulti Sains, Universiti Malaya, 2008. | ||
| 504 | |a Bibliography: leaves 64-65. | ||
| 650 | 0 | |a Analytical geochemistry |z Selangor |z Lembah Klang. | |
| 650 | 0 | |a Groundwater |x Quality |z Selangor |z Lembah Klang. | |
| 650 | 0 | |a Groundwater |x Pollution |z Selangor |z Lembah Klang. | |
| 710 | 2 | |a Universiti Malaya. |b Jabatan Kimia. | |
| 900 | |a NAR-ZA | ||
| 596 | |a 1 | ||
| 999 | |a QD3 UM 2008 KAL |w LC |c 1 |i A513445435 |d 7/10/2009 |f 7/10/2009 |g 1 |l STACKS |m P01UTAMA |r Y |s Y |t TESIS |u 1/10/2009 | ||
